[Event "Festival Magistrale"]
[Site "Caorle ITA"]
[Date "1989.07.??"]
[Round "1"]
[White "Andreoli, Renato"]
[Black "Gant, Otilia"]
[Result "1/2-1/2"]
[WhiteElo "2230"]
[BlackElo "2240"]
[PlyCount "63"]
[EventDate "1989.07.01"]

1. Nf3 g6 2. g3 Bg7 3. Bg2 c5 4. c3 Nc6 5. d4 cxd4 6. cxd4 d5 7. Nc3 Nf6 8. Ne5
Qb6 9. Nxc6 bxc6 10. O-O Nd7 11. e3 Ba6 12. Re1 O-O 13. b3 e6 14. Na4 Qb7 15.
Ba3 Rfc8 16. Rc1 Bb5 17. Nc5 Nxc5 18. Bxc5 a5 19. Qd2 a4 20. b4 a3 21. e4 Rd8
22. e5 Bf8 23. h4 Bc4 24. h5 Rab8 25. Qf4 Bxc5 26. bxc5 Qe7 27. Rc3 Ra8 28.
Ree3 Bxa2 29. Rxa3 Bc4 30. Rec3 Rxa3 31. Rxa3 gxh5 32. Ra7 1/2-1/2

[Event "Festival Magistrale"]
[Site "Caorle ITA"]
[Date "1989.07.??"]
[Round "1"]
[White "Bini, Lorenzo"]
[Black "Becx, Cesar"]
[Result "0-1"]
[WhiteElo "1960"]
[BlackElo "2300"]
[PlyCount "92"]
[EventDate "1989.07.01"]

1. b3 f5 2. Bb2 Nf6 3. Nf3 g6 4. g3 Bg7 5. Bg2 O-O 6. O-O d6 7. d4 c6 8. c4 h6
9. Qc2 g5 10. Nbd2 Nh7 11. d5 Bxb2 12. Qxb2 c5 13. e4 fxe4 14. Nxe4 Bf5 15.
Nfd2 Nd7 16. f4 g4 17. Rfe1 Ndf6 18. Re3 Qd7 19. Rae1 Rae8 20. a4 Nh5 21. Nf2
N7f6 22. Nde4 Ng7 23. Nxf6+ exf6 24. Rxe8 Rxe8 25. Rxe8+ Nxe8 26. Qe2 Kf8 27.
Kf1 h5 28. Be4 Ng7 29. Qd3 Kf7 30. Nd1 Bxe4 31. Qxe4 Qf5 32. Nc3 Qxe4 33. Nxe4
Ke7 34. Ke2 Nf5 35. Kd3 h4 36. gxh4 Nxh4 37. Nd2 f5 38. Ke2 Ng2 39. Kf2 Nxf4
40. Ke3 Nh3 41. Nb1 Kf6 42. Nc3 Ke5 43. Nb5 a6 44. Nc7 Ng5 45. Ne8 f4+ 46. Ke2
Nf3 0-1

[Event "Festival Magistrale"]
[Site "Caorle ITA"]
[Date "1989.07.??"]
[Round "1"]
[White "Buzzi, Dario"]
[Black "Pagnutti, Lorenzo"]
[Result "1-0"]
[WhiteElo "1985"]
[BlackElo "2115"]
[PlyCount "103"]
[EventDate "1989.07.01"]

1. e4 e5 2. Nf3 Nc6 3. Bb5 a6 4. Ba4 d6 5. d4 b5 6. Bb3 Nxd4 7. Nxd4 exd4 8.
Bd5 Rb8 9. Qxd4 Bd7 10. c3 Nf6 11. O-O Be7 12. Bf4 O-O 13. Bb3 Ng4 14. h3 Bf6
15. Qd1 Ne5 16. Bxe5 Bxe5 17. f4 Bf6 18. Nd2 b4 19. Qf3 Bc6 20. Rad1 a5 21. Nc4
a4 22. Bc2 Qe8 23. Bd3 g6 24. Rfe1 b3 25. axb3 axb3 26. Bb1 Bb5 27. Qf1 Qc6 28.
Bd3 Bh4 29. Re3 Qc5 30. Qe2 Rfe8 31. Kh2 Bf6 32. Re1 Bg7 33. Nd2 Bd7 34. Bc4
Be6 35. Qd3 c6 36. Bxe6 fxe6 37. Qc4 Qb6 38. R3e2 Re7 39. Kh1 h6 40. Nf3 Kh7
41. Qd3 Rd8 42. f5 e5 43. fxg6+ Kxg6 44. Nh4+ Kh7 45. Rf1 Rdd7 46. Qg3 Re6 47.
Qg4 Ree7 48. Qg6+ Kh8 49. Ref2 Rd8 50. Rf7 Rxf7 51. Rxf7 Rg8 52. Nf5 1-0

[Event "Festival Magistrale"]
[Site "Caorle ITA"]
[Date "1989.07.??"]
[Round "1"]
[White "Capelli, Giorgio"]
[Black "Sulava, Nenad"]
[Result "0-1"]
[WhiteElo "2030"]
[BlackElo "2380"]
[PlyCount "58"]
[EventDate "1989.07.01"]

1. c4 b6 2. Nc3 Bb7 3. Nf3 c5 4. d3 e6 5. g3 Bxf3 6. exf3 Nc6 7. Bg2 Nge7 8.
O-O g6 9. Bg5 Bg7 10. Ne4 O-O 11. Bf6 Bxf6 12. Nxf6+ Kg7 13. Ne4 f5 14. Nc3 f4
15. Re1 Nf5 16. Qd2 Nfd4 17. Qd1 a6 18. Re4 d5 19. Re1 Ra7 20. Ne2 Raf7 21.
Nxd4 Nxd4 22. g4 h5 23. Bh3 Qg5 24. Kg2 Rh8 25. Rc1 Kf6 26. Qd2 hxg4 27. Bxg4
Rxh2+ 28. Kxh2 Nxf3+ 29. Kh3 Rh7+ 0-1

[Event "Festival Magistrale"]
[Site "Caorle ITA"]
[Date "1989.07.??"]
[Round "1"]
[White "Cassai, Paolo"]
[Black "Kluss, Kai"]
[Result "1-0"]
[WhiteElo "2115"]
[BlackElo "2240"]
[PlyCount "58"]
[EventDate "1989.07.01"]

1. c4 e6 2. e4 c5 3. Nc3 Nc6 4. g3 Nf6 5. Bg2 Be7 6. f4 d6 7. Nf3 O-O 8. O-O
Nd4 9. d3 Rb8 10. Kh1 Nxf3 11. Bxf3 a6 12. b3 b5 13. g4 b4 14. Ne2 d5 15. e5
Nd7 16. cxd5 exd5 17. Ng3 Re8 18. Nf5 Bf8 19. d4 Nb6 20. dxc5 Bxc5 21. Qd3 d4
22. Bb2 Bxf5 23. gxf5 Qd7 24. Rg1 Qb5 25. Qe4 Rbd8 26. f6 g6 27. f5 Bf8 28.
fxg6 Qxe5 29. gxh7+ Kh8 1-0

[Event "Festival Magistrale"]
[Site "Caorle ITA"]
[Date "1989.07.??"]
[Round "1"]
[White "Cazzaniga, Walter"]
[Black "Ilic, Dragan M."]
[Result "0-1"]
[WhiteElo "1940"]
[BlackElo "2400"]
[PlyCount "48"]
[EventDate "1989.07.01"]

1. d4 Nf6 2. c4 c5 3. Nf3 g6 4. g3 Bg7 5. Bg2 Nc6 6. O-O O-O 7. Nc3 d6 8. d5
Na5 9. Nd2 a6 10. a4 Qb6 11. Rb1 Bh6 12. Nde4 Bxc1 13. Nxf6+ exf6 14. Qxc1 Nxc4
15. Ne4 Ne5 16. Nxf6+ Kg7 17. Qc3 Qb4 18. Ne4 Rd8 19. Qe3 Ng4 20. Qg5 Bf5 21.
f3 Qd4+ 22. Kh1 Bxe4 23. fxe4 f6 24. Qf4 Qxb2 0-1

[Event "Festival Magistrale"]
[Site "Caorle ITA"]
[Date "1989.07.??"]
[Round "1"]
[White "Cecchetto, Vanni"]
[Black "Vujovic, Milorad"]
[Result "0-1"]
[WhiteElo "1900"]
[BlackElo "2295"]
[PlyCount "104"]
[EventDate "1989.07.01"]

1. e4 c5 2. c3 e6 3. d4 cxd4 4. cxd4 d5 5. e5 Nc6 6. Nf3 Qb6 7. a3 Nge7 8. Bd3
Bd7 9. Bc2 Rc8 10. Nc3 Qa6 11. Qd3 Qxd3 12. Bxd3 Na5 13. O-O a6 14. Be3 Nc4 15.
Bxc4 Rxc4 16. Nd2 Rc8 17. Nb3 Nf5 18. Bd2 Rc4 19. Be3 Be7 20. Rac1 O-O 21. Ne2
Bb5 22. Nc3 Nxe3 23. fxe3 Bg5 24. Rf3 Rfc8 25. Re1 b6 26. Nxb5 axb5 27. e4 dxe4
28. Rxe4 b4 29. axb4 Rxb4 30. Rg4 Bc1 31. Nxc1 Rxc1+ 32. Rf1 Rxf1+ 33. Kxf1
Rxb2 34. Re4 b5 35. Re1 h5 36. Rd1 b4 37. d5 exd5 38. Rxd5 b3 39. Rb5 Kf8 40.
Rb7 Ke8 41. h3 h4 42. Ke1 Rxg2 43. Rxb3 Rg3 44. Rxg3 hxg3 45. Kf1 Ke7 46. Kg2
Ke6 47. Kxg3 Kxe5 48. Kf3 Kf5 49. h4 g6 50. Kg3 Ke4 51. Kg4 f6 52. Kg3 f5 0-1

[Event "Festival Magistrale"]
[Site "Caorle ITA"]
[Date "1989.07.??"]
[Round "1"]
[White "Curione, Francesco"]
[Black "Nikcevic, Nebojsa"]
[Result "0-1"]
[WhiteElo "1940"]
[BlackElo "2295"]
[PlyCount "94"]
[EventDate "1989.07.01"]

1. e4 c5 2. Nf3 Nc6 3. d4 cxd4 4. Nxd4 e5 5. Nb5 d6 6. N1c3 a6 7. Na3 b5 8. Nd5
Nf6 9. Bg5 Qa5+ 10. Bd2 Qd8 11. Bg5 Be7 12. Bxf6 Bxf6 13. c3 O-O 14. Nc2 Rb8
15. Bd3 Bg5 16. O-O Be6 17. Nce3 g6 18. Qc2 Qd7 19. Kh1 Kh8 20. Rad1 Ne7 21. f4
exf4 22. Nxf4 Bxf4 23. Rxf4 Nc6 24. Rf6 Qe7 25. Qf2 Bxa2 26. Rf1 Ne5 27. Bc2
Bc4 28. Rd1 Rfd8 29. b3 Kg7 30. Rf4 Be6 31. Nf5+ Bxf5 32. exf5 Qg5 33. Rfd4 Qf6
34. Rf4 g5 35. Rfd4 Rbc8 36. Qd2 h6 37. Ra1 Nc6 38. Rd5 Nb4 39. cxb4 Qxa1+ 40.
Bd1 Qc3 41. Qf2 Re8 42. h3 Qe1+ 43. Qxe1 Rxe1+ 44. Kh2 Rd8 45. g4 Re5 46. Rd2
d5 47. Kg3 Re4 0-1

[Event "Festival Magistrale"]
[Site "Caorle ITA"]
[Date "1989.07.??"]
[Round "1"]
[White "Dilic, Roberto"]
[Black "Zupe, Miran"]
[Result "0-1"]
[WhiteElo "1900"]
[BlackElo "2330"]
[PlyCount "78"]
[EventDate "1989.07.01"]

1. e4 c5 2. Nf3 d6 3. d4 cxd4 4. Nxd4 Nf6 5. Nc3 g6 6. Be3 Bg7 7. Be2 O-O 8.
O-O Nc6 9. Kh1 d5 10. Nxc6 bxc6 11. e5 Nd7 12. f4 e6 13. b4 f6 14. Bg4 Nb6 15.
Bc5 Re8 16. Qd4 Nc4 17. Rae1 fxe5 18. fxe5 Qc7 19. Ne4 Bxe5 20. Nf6+ Bxf6 21.
Qxf6 e5 22. Be2 Nd2 23. Bd6 Qg7 24. Qxg7+ Kxg7 25. Rg1 Ne4 26. Bc5 Nxc5 27.
bxc5 Bf5 28. c3 Rab8 29. Bf3 h5 30. Rgf1 Bd3 31. Be2 Bxe2 32. Rxe2 Rb5 33. c4
Rxc5 34. Rc1 e4 35. Kg1 d4 36. Rb2 Re7 37. Kf1 d3 38. Rd2 Rf5+ 39. Kg1 Rd7 0-1

[Event "Festival Magistrale"]
[Site "Caorle ITA"]
[Date "1989.07.??"]
[Round "1"]
[White "Frasson, Giovanni"]
[Black "Jovancic, Miodrag"]
[Result "1-0"]
[WhiteElo "1900"]
[BlackElo "2230"]
[PlyCount "54"]
[EventDate "1989.07.01"]

1. c4 e6 2. Nc3 d5 3. d4 c5 4. cxd5 exd5 5. Nf3 Nc6 6. e3 Nf6 7. Be2 cxd4 8.
Nxd4 Bd6 9. O-O O-O 10. b3 Qe7 11. Bb2 Rd8 12. Ncb5 Rb8 13. Rc1 Bd7 14. Ba3 Qe8
15. Nxd6 Qe5 16. Nf3 Qe7 17. Nb5 Qe6 18. Nfd4 Nxd4 19. Nxd4 Qe8 20. Rc2 Ne4 21.
Qd3 a6 22. Rfc1 Qe5 23. Nf3 Qh5 24. Bb2 Bg4 25. h3 Be6 26. Qd4 f6 27. Qb6 27...
Qe8 {...} 1-0

[Event "Festival Magistrale"]
[Site "Caorle ITA"]
[Date "1989.07.??"]
[Round "1"]
[White "Gaggiottini, Manfredo"]
[Black "Rasidovic, Sead"]
[Result "0-1"]
[WhiteElo "2030"]
[BlackElo "2365"]
[PlyCount "62"]
[EventDate "1989.07.01"]

1. e4 e6 2. d4 d5 3. Nc3 Bb4 4. Bd3 dxe4 5. Bxe4 Nf6 6. Bg5 c5 7. Nge2 Nc6 8.
Qd3 cxd4 9. O-O-O dxc3 10. Bxc6+ Ke7 11. Nd4 cxb2+ 12. Kb1 Qc7 13. Qc4 Qa5 14.
Bb5 a6 15. Bd2 Nd5 16. Bc6 Bxd2 17. Rxd2 Qxd2 18. Qc5+ Kf6 19. Bxd5 Rd8 20. Nf5
exf5 21. Bf3 Qd4 22. Qc7 Be6 23. Rd1 Qc4 24. Qa5 Rxd1+ 25. Bxd1 Qd5 26. Qc3+
Ke7 27. Qa3+ Qd6 28. Qf3 Rd8 29. Be2 b5 30. h4 b4 31. h5 Qd4 0-1

[Event "Festival Magistrale"]
[Site "Caorle ITA"]
[Date "1989.07.??"]
[Round "1"]
[White "Gregoratti, Ivaldi"]
[Black "Barlocco, Carlo"]
[Result "0-1"]
[WhiteElo "1975"]
[BlackElo "2270"]
[PlyCount "77"]
[EventDate "1989.07.01"]

1. e4 e6 2. d4 d5 3. Nc3 dxe4 4. Nxe4 Be7 5. Nf3 Nf6 6. Bd3 Nbd7 7. c3 O-O 8.
O-O b6 9. Qe2 Bb7 10. Ng3 c5 11. Rd1 Bxf3 12. Qxf3 cxd4 13. cxd4 Nd5 14. Ne4
Rc8 15. Bd2 N7f6 16. Re1 Nxe4 17. Rxe4 Bf6 18. Rae1 Qd6 19. a3 Rfd8 20. h4 Ne7
21. Ba6 Ra8 22. Bb7 Rab8 23. Bf4 Qd7 24. Bxb8 Rxb8 25. Ba6 Nf5 26. Bc4 Nxd4 27.
Qd3 Rd8 28. Ba2 Qc7 29. Bb1 Nf5 30. Qe2 Qc5 31. Rc4 Nd4 32. Qd3 Qh5 33. Rc7 Nb5
34. Rd7 Rxd7 35. Qxd7 g6 36. Ba2 Nd4 37. Re4 Qd1+ 38. Kh2 Nf3+ 39. gxf3 0-1

[Event "Festival Magistrale"]
[Site "Caorle ITA"]
[Date "1989.07.??"]
[Round "1"]
[White "Karakas-Kertesz, Eva"]
[Black "Kostic, Vladimir G."]
[Result "0-1"]
[WhiteElo "2075"]
[BlackElo "2350"]
[PlyCount "135"]
[EventDate "1989.07.01"]

1. e4 e6 2. d4 d5 3. Nc3 Bb4 4. e5 c5 5. a3 Bxc3+ 6. bxc3 Ne7 7. Bd3 Bd7 8. Nf3
c4 9. Be2 Ba4 10. Rb1 Qd7 11. O-O Nbc6 12. Bd2 f6 13. Ne1 O-O-O 14. f4 Qe8 15.
Bg4 Nf5 16. Bh3 h5 17. g3 Nce7 18. Ng2 Kb8 19. Ne3 Nxe3 20. Bxe3 g6 21. Rb4 Ka8
22. Qb1 Qc6 23. Qb2 Nf5 24. Bf2 Nh6 25. Rb1 Rb8 26. Bg2 Ng4 27. h3 Nh6 28. Bf3
Nf5 29. Qa2 Qa6 30. Kg2 Ne7 31. Rh1 Qa5 32. Be1 Rbc8 33. Rb1 Nf5 34. Qb2 Bc6
35. Bf2 Qd8 36. h4 Qa5 37. Qb4 Qa6 38. Rb2 Ba4 39. Rhb1 Rc7 40. Kh3 Rd8 41. Ra2
Rc6 42. Qb2 Rb8 43. Qc1 Qa5 44. Qe1 Ne7 45. Be3 Qd8 46. Qf2 Ra6 47. g4 hxg4+
48. Bxg4 Qa5 49. Bd2 Rh8 50. Kg3 Qd8 51. Rh1 Rb6 52. Kf3 Ng8 53. Ke3 Nh6 54.
Bh3 Rb5 55. Ke2 a6 56. Be3 Qb6 57. Bc1 Rb1 58. Kd2 Ka7 59. Qg3 Ng8 60. Bg4 Ne7
61. Qf3 Nc6 62. Qf2 Na5 63. Ke3 Nc6 64. Kd2 Qb5 65. Be2 Ne7 66. Bg4 Nc8 67. Bf3
Nb6 68. Qg3 {...} 0-1

[Event "Festival Magistrale"]
[Site "Caorle ITA"]
[Date "1989.07.??"]
[Round "1"]
[White "Kostic, Nebojsa"]
[Black "Glavan, Slavenko"]
[Result "1-0"]
[WhiteElo "2340"]
[BlackElo "2260"]
[PlyCount "85"]
[EventDate "1989.07.01"]

1. c4 e5 2. Nc3 d6 3. g3 Be6 4. Bg2 Nc6 5. d3 Qd7 6. Rb1 a5 7. a3 Nf6 8. b4
axb4 9. axb4 Be7 10. b5 Nd8 11. Qb3 O-O 12. Nd5 Bxd5 13. cxd5 b6 14. Nf3 Nb7
15. Ba3 Ra5 16. Nd2 Rfa8 17. Nc4 R5a7 18. O-O Na5 19. Nxa5 Rxa5 20. Bc1 Qg4 21.
Bf3 Qf5 22. Bb2 Nd7 23. Bc3 Nc5 24. Qc4 Ra4 25. Rb4 h5 26. Kg2 g6 27. e4 Qd7
28. d4 Rxb4 29. Qxb4 Nd3 30. Qb1 exd4 31. Bxd4 Nc5 32. e5 Ra5 33. e6 Qe8 34.
exf7+ Qxf7 35. Re1 Bf6 36. Bxf6 Qxf6 37. Re8+ Kf7 38. Rc8 Ra7 39. Bxh5 gxh5 40.
Qh7+ Qg7 41. Qxh5+ Kf6 42. Rh8 Nd3 43. Rh6+ 1-0

[Event "Festival Magistrale"]
[Site "Caorle ITA"]
[Date "1989.07.??"]
[Round "1"]
[White "Lazic, Miroljub"]
[Black "Steiner, Darko"]
[Result "1/2-1/2"]
[WhiteElo "2485"]
[BlackElo "2300"]
[PlyCount "86"]
[EventDate "1989.07.01"]

1. d4 e6 2. c4 f5 3. g3 Nf6 4. Bg2 Bb4+ 5. Bd2 Be7 6. Nf3 d5 7. O-O a5 8. Nc3
c6 9. Bf4 O-O 10. a3 Qe8 11. Ne5 Nbd7 12. Qd3 Nxe5 13. dxe5 Nd7 14. cxd5 exd5
15. Qd2 Kh8 16. Na4 b5 17. Nc3 Bd8 18. Rfd1 Bb7 19. e4 fxe4 20. Nxe4 Nxe5 21.
Nd6 Qe7 22. Bxe5 Qxe5 23. Nxb7 Bb6 24. Rf1 Qe7 25. Nxa5 Bxa5 26. Qc2 Qd6 27.
Rac1 Rf6 28. Rcd1 Bb6 29. Rd2 Re8 30. Re2 Re5 31. Kh1 Kg8 32. f4 Rxe2 33. Qxe2
Re6 34. Qc2 Re3 35. Qf5 Qe6 36. Qxe6+ Rxe6 37. Bh3 Rd6 38. Rd1 Kf7 39. Kg2 c5
40. Kf3 c4 41. Bf1 Bc5 42. g4 d4 43. f5 d3 1/2-1/2

[Event "Festival Magistrale"]
[Site "Caorle ITA"]
[Date "1989.07.??"]
[Round "1"]
[White "Leoncini, Mario"]
[Black "Nagy, Janos"]
[Result "1/2-1/2"]
[WhiteElo "2070"]
[BlackElo "2240"]
[PlyCount "124"]
[EventDate "1989.07.01"]

1. e4 c5 2. c3 d5 3. exd5 Qxd5 4. d4 Nc6 5. dxc5 Qxd1+ 6. Kxd1 e5 7. Be3 Nf6 8.
f3 Be6 9. Nd2 O-O-O 10. Ke1 Nd5 11. Bf2 g6 12. Nh3 Bxh3 13. gxh3 Nf4 14. Nb3
Nd3+ 15. Bxd3 Rxd3 16. Ke2 e4 17. Be3 Rd5 18. fxe4 Re5 19. Kf3 f5 20. exf5
Rxf5+ 21. Kg2 Ne5 22. Raf1 Be7 23. Nd4 Rxf1 24. Rxf1 Bxc5 25. Nc2 Bxe3 26. Nxe3
Nd3 27. Nc4 Rd8 28. a4 g5 29. Rf7 Rd7 30. Rxd7 Kxd7 31. Kg3 Ke6 32. b4 Nf4 33.
h4 Nd5 34. hxg5 Nxc3 35. a5 a6 36. Ne3 Na2 37. Nc2 Kf5 38. h4 Nc3 39. Ne3+ Kg6
40. Kg4 h5+ 41. gxh6 Kxh6 42. Nf5+ Kh7 43. Ne3 Kh6 44. Kf4 Kh5 45. Ke5 Kxh4 46.
Kd4 Na4 47. Nc4 Kg4 48. Nb6 Nb2 49. Kc3 Nd1+ 50. Kc4 Nb2+ 51. Kb3 Nd3 52. Na4
Kf4 53. Kc4 Ne5+ 54. Kd4 Nc6+ 55. Kc5 Ke5 56. Nb2 Ke6 57. Nd3 Kd7 58. Kb6 Kc8
59. Nc5 Nd8 60. Nxa6 bxa6 61. Kxa6 Nb7 62. b5 Nd6 1/2-1/2

[Event "Festival Magistrale"]
[Site "Caorle ITA"]
[Date "1989.07.??"]
[Round "1"]
[White "Luciani, Carlo"]
[Black "Falchetta, Giovanni"]
[Result "1-0"]
[WhiteElo "2150"]
[BlackElo "2250"]
[PlyCount "103"]
[EventDate "1989.07.01"]

1. e4 c5 2. Nf3 e6 3. d4 cxd4 4. Nxd4 Nf6 5. Bd3 Nc6 6. Nxc6 dxc6 7. O-O e5 8.
Qe2 Bc5 9. Be3 Qe7 10. Nd2 O-O 11. h3 Be6 12. Bg5 h6 13. Bh4 g5 14. Bg3 Nd7 15.
Nc4 f6 16. Ne3 Bxe3 17. Qxe3 Kg7 18. f3 Qc5 19. Bf2 Qxe3 20. Bxe3 b6 21. Ba6
Rab8 22. Rfd1 Kf7 23. Rd6 c5 24. Rc6 Ke7 25. Rd1 Rfd8 26. Rc7 Ra8 27. a4 h5 28.
a5 h4 29. Bb5 Rac8 30. Rxa7 bxa5 31. c4 Ke8 32. Rd6 Ke7 33. Rda6 Kf7 34. Rxa5
Kg6 35. Kf2 Nf8 36. Ke2 Bg8 37. Ba6 Rb8 38. Bb5 Ne6 39. Re7 Ra8 40. Raa7 Rxa7
41. Rxa7 Bf7 42. b3 Rd6 43. Bd7 Rb6 44. Bxe6 Bxe6 45. Ra3 Rc6 46. Kd2 f5 47.
Ra5 f4 48. Bxc5 g4 49. fxg4 Bxg4 50. hxg4 Kg5 51. Be7+ Kxg4 52. Rxe5 1-0

[Event "Festival Magistrale"]
[Site "Caorle ITA"]
[Date "1989.07.??"]
[Round "1"]
[White "Maffezzoli, Massimo"]
[Black "Bern, Ivar"]
[Result "0-1"]
[WhiteElo "1940"]
[BlackElo "2355"]
[PlyCount "80"]
[EventDate "1989.07.01"]

1. c4 e5 2. Nc3 d6 3. d4 exd4 4. Qxd4 Nc6 5. Qd2 Nf6 6. e4 g6 7. Nf3 Bg7 8. h3
O-O 9. Bd3 Nd7 10. O-O Nde5 11. Nxe5 dxe5 12. Rd1 Nd4 13. Qg5 Bf6 14. Qe3 c6
15. b4 a5 16. b5 a4 17. Ba3 Re8 18. Rab1 Bg5 19. Qe1 Bxh3 20. Bc2 Qc8 21. Rxd4
exd4 22. Ne2 Be6 23. Bd3 c5 24. f4 Be7 25. f5 Bd7 26. Nf4 Bg5 27. Nd5 Bxf5 28.
Qg3 Bg4 29. Nb6 Be3+ 30. Kf1 Qe6 31. Nxa8 Rxa8 32. Bxc5 Rc8 33. Bb4 Rxc4 34.
Qb8+ Rc8 35. Qg3 Qxa2 36. Be1 Be2+ 37. Bxe2 Qxb1 38. Qe5 h6 39. Bh5 gxh5 40.
Qxh5 Qd3+ 0-1

[Event "Festival Magistrale"]
[Site "Caorle ITA"]
[Date "1989.07.??"]
[Round "1"]
[White "Magari, Roberto"]
[Black "Riemersma, Liafbern"]
[Result "0-1"]
[WhiteElo "1935"]
[BlackElo "2360"]
[PlyCount "86"]
[EventDate "1989.07.01"]

1. e4 e5 2. Nf3 Nc6 3. c3 Nf6 4. d3 d5 5. Nbd2 h6 6. b4 d4 7. b5 dxc3 8. bxc6
cxd2+ 9. Bxd2 Bc5 10. Be2 O-O 11. O-O Re8 12. Qc2 Qd6 13. Rac1 b6 14. Bc3 Bg4
15. Rfd1 Rad8 16. a4 Bxf3 17. Bxf3 Qxc6 18. d4 Ba3 19. d5 Qd6 20. Ra1 a5 21.
Be2 Re7 22. Qd3 Bb4 23. Bb2 Nd7 24. Bh5 Qf6 25. Qe2 Bd6 26. Rd3 Nc5 27. Rf3 Qh4
28. Re3 g6 29. Bg4 h5 30. Bf3 Ree8 31. g3 Qe7 32. Kh1 Qd7 33. Rg1 Nxa4 34. Bc1
Bc5 35. Rd3 Bf8 36. g4 h4 37. Bg5 Be7 38. Bh6 g5 39. Qe3 f6 40. Bd1 Nc5 41. Rc3
Kh7 42. f4 exf4 43. Qf2 Kxh6 0-1

[Event "Festival Magistrale"]
[Site "Caorle ITA"]
[Date "1989.07.??"]
[Round "1"]
[White "Mambrini, Augusto"]
[Black "Magrin, Antonio"]
[Result "1-0"]
[WhiteElo "1960"]
[BlackElo "2200"]
[PlyCount "75"]
[EventDate "1989.07.01"]

1. d4 Nf6 2. Nf3 d5 3. c4 e6 4. Nc3 Be7 5. Bg5 Nbd7 6. e3 c6 7. Qc2 Qa5 8. a3
a6 9. c5 Qd8 10. Bd3 h6 11. Bh4 a5 12. O-O g5 13. Bg3 Rg8 14. Ne5 h5 15. f4 h4
16. Nxd7 Nxd7 17. Be1 f5 18. fxg5 Bxg5 19. Qe2 Nf6 20. h3 b6 21. cxb6 Qxb6 22.
Na4 Qc7 23. Rc1 Bd7 24. Nc5 Bc8 25. Kh1 Qg7 26. Rc2 Qh6 27. Nb3 a4 28. Na5 Bxe3
29. Nxc6 Bd7 30. Ne5 Bxd4 31. Nxd7 Nxd7 32. Bxf5 Rf8 33. Bb4 Rf6 34. Bd3 Rxf1+
35. Qxf1 Qe3 36. Bb5 Qh6 37. Bxd7+ Kxd7 38. Qf7+ 1-0

[Event "Festival Magistrale"]
[Site "Caorle ITA"]
[Date "1989.07.??"]
[Round "1"]
[White "Mazzotti, Carlo"]
[Black "Jovicic, Milos"]
[Result "0-1"]
[WhiteElo "1944"]
[BlackElo "2350"]
[PlyCount "49"]
[EventDate "1989.07.01"]

1. e4 c5 2. Nc3 Nc6 3. f4 g6 4. Nf3 Bg7 5. Bb5 Nd4 6. O-O a6 7. Be2 d6 8. a4
Nf6 9. d3 O-O 10. h3 Bd7 11. Be3 Nh5 12. Kh2 f5 13. e5 Nxe2 14. Qxe2 Bc6 15.
Ng5 dxe5 16. Ne6 Qd6 17. Nxf8 exf4 18. Bxc5 Qxc5 19. Nxg6 hxg6 20. Qe6+ Kh7 21.
Rae1 Re8 22. Re2 f3 23. gxf3 Nf4 24. Qe3 Qd6 25. Rd2 0-1

[Event "Festival Magistrale"]
[Site "Caorle ITA"]
[Date "1989.07.??"]
[Round "1"]
[White "Messina, Enrico"]
[Black "Marinelli, Tullio"]
[Result "0-1"]
[WhiteElo "1900"]
[BlackElo "2375"]
[PlyCount "78"]
[EventDate "1989.07.01"]

1. e4 c5 2. Nf3 d6 3. d4 cxd4 4. Nxd4 Nf6 5. Nc3 e6 6. Be3 e5 7. Nb3 Be7 8. f3
Be6 9. Qd2 Nbd7 10. O-O-O b5 11. g4 Nb6 12. g5 Nh5 13. h4 Qc7 14. Kb1 O-O 15.
Bxb6 Qxb6 16. Nd5 Bxd5 17. exd5 Bd8 18. Bd3 Qb7 19. Rdg1 Bb6 20. Rg4 f5 21.
gxf6 Rxf6 22. Qg5 Qf7 23. Be4 Rf8 24. Qd2 Rf4 25. Qd3 g6 26. Rg2 Qe7 27. Nc1
Kh8 28. Rg4 Nf6 29. Rxf4 exf4 30. Qc3 Kg8 31. Re1 Be3 32. Qc6 Nxe4 33. fxe4
Qxh4 34. Nd3 Bc5 35. e5 f3 36. Qd7 Qxe1+ 37. Nxe1 f2 38. Qe6+ Kh8 39. exd6 f1=Q
0-1

[Event "Festival Magistrale"]
[Site "Caorle ITA"]
[Date "1989.07.??"]
[Round "1"]
[White "Paizis, Adamantia"]
[Black "Cugini, Verter"]
[Result "1/2-1/2"]
[WhiteElo "2115"]
[BlackElo "2130"]
[PlyCount "121"]
[EventDate "1989.07.01"]

1. e4 e6 2. d4 d5 3. e5 c5 4. dxc5 Bxc5 5. Nf3 Qb6 6. Qe2 Nc6 7. Nbd2 Bd7 8.
Nb3 Be7 9. g3 Rc8 10. c3 a6 11. Nfd4 Nxd4 12. Nxd4 Bc5 13. Qg4 Kf8 14. Be2 Ne7
15. O-O Bxd4 16. Qxd4 Qxd4 17. cxd4 Nf5 18. Rd1 Bb5 19. Bxb5 axb5 20. b3 f6 21.
Ba3+ Kf7 22. g4 Nh4 23. Bd6 h5 24. h3 Rc3 25. exf6 gxf6 26. Bg3 hxg4 27. hxg4
Nf3+ 28. Kg2 Kg6 29. Bf4 Nh4+ 30. Kf1 Rhc8 31. Rac1 Nf3 32. Rxc3 Rxc3 33. Ke2
Ng5 34. Bd2 Rc2 35. a4 Ne4 36. f3 Nd6 37. Kd3 Rb2 38. Kc3 Ra2 39. Bf4 Nf7 40.
Re1 Rf2 41. Re3 bxa4 42. bxa4 Ng5 43. Bxg5 Kxg5 44. Rxe6 Rxf3+ 45. Kb4 Kxg4 46.
Kc5 f5 47. Kxd5 f4 48. Rb6 Ra3 49. Rxb7 f3 50. Rg7+ Kf4 51. Rf7+ Ke3 52. Re7+
Kd2 53. Rf7 Ke2 54. Kc6 f2 55. Rxf2+ Kxf2 56. d5 Rc3+ 57. Kd7 Ke3 58. d6 Kd4
59. Ke8 Re3+ 60. Kf7 Rf3+ 61. Ke8 1/2-1/2

[Event "Festival Magistrale"]
[Site "Caorle ITA"]
[Date "1989.07.??"]
[Round "1"]
[White "Pasqualin, Giorgio"]
[Black "Rukavina, Josip"]
[Result "1/2-1/2"]
[WhiteElo "2065"]
[BlackElo "2455"]
[PlyCount "92"]
[EventDate "1989.07.01"]

1. c4 e6 2. Nf3 Nf6 3. g3 d5 4. Bg2 dxc4 5. O-O Nbd7 6. Qa4 a6 7. Qxc4 b5 8.
Qc2 Bb7 9. d4 c5 10. a4 Qb6 11. axb5 axb5 12. Rxa8+ Bxa8 13. dxc5 Bxc5 14. b4
Bxb4 15. Qc8+ Qd8 16. Qxd8+ Kxd8 17. Nd4 Bxg2 18. Kxg2 Bc5 19. Nxb5 Ke7 20. Ba3
Bxa3 21. N1xa3 Rc8 22. Rd1 Rc5 23. h3 g6 24. e3 Ne4 25. Rd4 f5 26. Rc4 Rd5 27.
Rd4 Rxd4 28. Nxd4 e5 29. Ndb5 Ke6 30. Nb1 Kd5 31. f3 Nec5 32. Nd2 Na4 33. Na3
Ndb6 34. Nc2 Kc5 35. e4 f4 36. gxf4 exf4 37. h4 Nb2 38. Kf2 N6a4 39. Ke2 Nc3+
40. Kf2 Nd3+ 41. Kf1 h6 42. Nb3+ Kd6 43. Ne1 Ne5 44. Nd4 Ke7 45. Ne2 Nxe2 46.
Kxe2 g5 1/2-1/2

[Event "Festival Magistrale"]
[Site "Caorle ITA"]
[Date "1989.07.??"]
[Round "1"]
[White "Redo, Nicola"]
[Black "Gajic, Zoran"]
[Result "0-1"]
[WhiteElo "1935"]
[BlackElo "2290"]
[PlyCount "109"]
[EventDate "1989.07.01"]

1. Nf3 d5 2. d4 Nf6 3. g3 g6 4. Bg2 Bg7 5. O-O Bf5 6. c4 Bxb1 7. Rxb1 dxc4 8.
Ne5 c6 9. Nxc4 Nbd7 10. Bd2 Nb6 11. Ba5 O-O 12. e3 Nfd7 13. Qe2 Qb8 14. Rfd1
Re8 15. f4 Nxc4 16. Qxc4 Nf6 17. e4 Qc8 18. e5 Ng4 19. Qe2 h5 20. Rbc1 e6 21.
h3 Nh6 22. g4 hxg4 23. hxg4 Qd7 24. Rd3 Rac8 25. Be1 Rc7 26. Rcd1 Bf8 27. Bf2
Kg7 28. Rh3 Be7 29. Be3 Rh8 30. Rd3 Rcc8 31. Bf3 Rh7 32. Qd2 Rch8 33. b4 Ng8
34. Rxh7+ Rxh7 35. Bg2 Rh4 36. Bf3 Bd8 37. Qg2 Ne7 38. Bf2 Rh8 39. Be1 Bb6 40.
Qd2 Nd5 41. Bf2 Bd8 42. Bg2 Be7 43. Rb3 Nb6 44. d5 cxd5 45. Bxb6 axb6 46. a3
Rh4 47. Bf3 g5 48. Rb1 gxf4 49. Qxf4 Qd8 50. Rf1 Bg5 51. Qd4 Qc7 52. Bd1 Rh3
53. Rf3 Rxf3 54. Bxf3 Qc1+ 55. Kg2 0-1

[Event "Festival Magistrale"]
[Site "Caorle ITA"]
[Date "1989.07.??"]
[Round "1"]
[White "Romagnoli, Franco"]
[Black "Lostuzzi, Manlio"]
[Result "0-1"]
[WhiteElo "1925"]
[BlackElo "2200"]
[PlyCount "52"]
[EventDate "1989.07.01"]

1. e4 e5 2. Nc3 Nf6 3. Bc4 Nxe4 4. Qh5 Nd6 5. Bb3 Be7 6. Nf3 Nc6 7. Nxe5 g6 8.
Nxc6 bxc6 9. Qf3 O-O 10. O-O Nf5 11. Ne2 d5 12. d4 Ba6 13. Re1 Re8 14. Be3 Nh4
15. Qg3 Bd6 16. Qg5 Qxg5 17. Bxg5 Nxg2 18. Kxg2 Bxe2 19. Bh4 Re4 20. Bg3 Rae8
21. Red1 Bxd1 22. Rxd1 Bxg3 23. hxg3 Kf8 24. Rd3 R8e6 25. Ba4 c5 26. Bd7 Rd6
0-1

[Event "Festival Magistrale"]
[Site "Caorle ITA"]
[Date "1989.07.??"]
[Round "1"]
[White "Sinadinovic, Andjelko"]
[Black "Ruzzier, Dario"]
[Result "1-0"]
[WhiteElo "2340"]
[BlackElo "1960"]
[PlyCount "47"]
[EventDate "1989.07.01"]

1. d4 Nf6 2. c4 e6 3. Nf3 b6 4. g3 Bb7 5. Bg2 Be7 6. O-O O-O 7. Nc3 Ne4 8. Qc2
Nxc3 9. bxc3 d5 10. cxd5 exd5 11. Ne5 Qc8 12. Qb3 Qe6 13. f4 f5 14. e4 Rd8 15.
exf5 Qxf5 16. g4 Qf8 17. f5 c5 18. g5 c4 19. Qd1 b5 20. f6 gxf6 21. gxf6 Bd6
22. Qg4+ Kh8 23. Ng6+ hxg6 24. Qh4+ 1-0